<?xml version="1.0" encoding="UTF-8"?>
<resp>
  <nextPage>https://data.bn.org.pl/api/networks/bibs.marcxml?marc=001+b0000030141578&amp;sinceId=30141579</nextPage>
  <collection>
    <record xmlns='http://www.loc.gov/MARC21/slim'><leader>02138namZa2200601ZiZ4500</leader><controlfield tag='001'>b0000030141578</controlfield><controlfield tag='005'>20260501081709.8</controlfield><controlfield tag='008'>180920s2018####pl###########|000#0#pol#c</controlfield><controlfield tag='009'>9910840232905606</controlfield><datafield ind1=' ' ind2=' ' tag='020'><subfield code='a'>9788380838642</subfield></datafield><datafield ind1=' ' ind2=' ' tag='035'><subfield code='a'>(MARC 21)(PL)b0000030141578-48omnis_rpl</subfield></datafield><datafield ind1=' ' ind2=' ' tag='035'><subfield code='a'>wbpkbg232396</subfield></datafield><datafield ind1=' ' ind2=' ' tag='035'><subfield code='a'>(PL)b0000030141578</subfield></datafield><datafield ind1=' ' ind2=' ' tag='040'><subfield code='a'>KIEL W</subfield><subfield code='c'>KIEL W</subfield><subfield code='d'>KIEL W</subfield></datafield><datafield ind1=' ' ind2=' ' tag='046'><subfield code='k'>2018</subfield></datafield><datafield ind1=' ' ind2=' ' tag='080'><subfield code='a'>821.162.1-3</subfield></datafield><datafield ind1='1' ind2=' ' tag='100'><subfield code='a'>Zawada, Paweł M.</subfield><subfield code='e'>Autor</subfield></datafield><datafield ind1='1' ind2='0' tag='245'><subfield code='a'>Jedyna /</subfield><subfield code='c'>Paweł M. Zawada.</subfield></datafield><datafield ind1=' ' ind2=' ' tag='260'><subfield code='a'>Gdynia :</subfield><subfield code='b'>Wydawnictwo Novae Res,</subfield><subfield code='c'>© 2018.</subfield></datafield><datafield ind1=' ' ind2=' ' tag='300'><subfield code='a'>171, [1] strona ;</subfield><subfield code='c'>20 cm.</subfield></datafield><datafield ind1=' ' ind2=' ' tag='336'><subfield code='a'>Tekst</subfield><subfield code='b'>txt</subfield><subfield code='2'>rdacontent</subfield></datafield><datafield ind1=' ' ind2=' ' tag='337'><subfield code='a'>Bez urządzenia pośredniczącego</subfield><subfield code='b'>n</subfield><subfield code='2'>rdamedia</subfield></datafield><datafield ind1=' ' ind2=' ' tag='338'><subfield code='a'>Wolumin</subfield><subfield code='b'>nc</subfield><subfield code='2'>rdacarrier</subfield></datafield><datafield ind1=' ' ind2=' ' tag='380'><subfield code='a'>Książki</subfield></datafield><datafield ind1=' ' ind2=' ' tag='380'><subfield code='a'>Proza</subfield></datafield><datafield ind1=' ' ind2=' ' tag='386'><subfield code='m'>Przynależność kulturowa</subfield><subfield code='a'>Literatura polska</subfield></datafield><datafield ind1='1' ind2=' ' tag='388'><subfield code='a'>2001-</subfield></datafield><datafield ind1=' ' ind2='7' tag='650'><subfield code='a'>Mężczyzna</subfield><subfield code='2'>DBN</subfield></datafield><datafield ind1=' ' ind2='7' tag='650'><subfield code='a'>Miłość</subfield><subfield code='2'>DBN</subfield></datafield><datafield ind1=' ' ind2='7' tag='655'><subfield code='a'>Powieść obyczajowa</subfield><subfield code='2'>DBN</subfield></datafield><datafield ind1='2' ind2=' ' tag='710'><subfield code='a'>Novae Res - Wydawnictwo Innowacyjne, W. Gustowski, K. Szymoński</subfield><subfield code='e'>Wydawca</subfield></datafield><datafield ind1=' ' ind2=' ' tag='852'><subfield code='8'>225120370007768</subfield><subfield code='j'>1</subfield><subfield code='b'>KUT_1_F4</subfield><subfield code='p'>4F018196</subfield><subfield code='c'>6313</subfield></datafield><datafield ind1=' ' ind2=' ' tag='852'><subfield code='8'>2283938710005068</subfield><subfield code='j'>1</subfield><subfield code='h'>137679/N</subfield><subfield code='b'>WBP-KIELCE</subfield><subfield code='p'>431575</subfield><subfield code='c'>WYP-MAG</subfield></datafield><datafield ind1=' ' ind2=' ' tag='852'><subfield code='8'>2283938690005068</subfield><subfield code='j'>1</subfield><subfield code='h'>137680/N</subfield><subfield code='b'>WBP-KIELCE</subfield><subfield code='p'>431576</subfield><subfield code='c'>WYP-MAG</subfield></datafield><datafield ind1=' ' ind2=' ' tag='852'><subfield code='8'>22739564330008413</subfield><subfield code='j'>1</subfield><subfield code='b'>001F</subfield><subfield code='p'>00101-003025666</subfield><subfield code='c'>F</subfield></datafield><datafield ind1=' ' ind2=' ' tag='852'><subfield code='8'>22742532980008413</subfield><subfield code='j'>1</subfield><subfield code='h'>M/WD</subfield><subfield code='b'>001WD</subfield><subfield code='p'>00101-000178861</subfield><subfield code='c'>WD</subfield></datafield><datafield ind1=' ' ind2=' ' tag='852'><subfield code='8'>2241486600007666</subfield><subfield code='j'>1</subfield><subfield code='b'>F6</subfield><subfield code='p'>015055628000</subfield><subfield code='c'>F6DOROSLI</subfield></datafield><datafield ind1=' ' ind2=' ' tag='852'><subfield code='b'>48OMNIS_KUT</subfield><subfield code='8'>991001023979707768</subfield></datafield><datafield ind1=' ' ind2=' ' tag='852'><subfield code='b'>48OMNIS_RPL</subfield><subfield code='8'>991000747849705068</subfield></datafield><datafield ind1=' ' ind2=' ' tag='852'><subfield code='b'>48OMNIS_BOL</subfield><subfield code='8'>990013455840308413</subfield></datafield><datafield ind1=' ' ind2=' ' tag='852'><subfield code='b'>48OMNIS_BE</subfield><subfield code='8'>991001445599707666</subfield></datafield><datafield ind1=' ' ind2=' ' tag='852'><subfield code='b'>48OMNIS_NETWORK</subfield><subfield code='8'>9910840232905606</subfield></datafield><datafield ind1=' ' ind2=' ' tag='920'><subfield code='a'>978-83-8083-864-2</subfield></datafield></record>
  </collection>
</resp>
